000 00476nam a2200169 i 4500
001 52606
003 ES-MaACL
005 20230906162617.0
007 t|
008 030901s1971 sp ||||1| spa d
100 1 _aDavis, Morton D.
_942982
245 1 0 _aTeoría del juego /
_cMorton D. Davis ; versión Elías Castillo.
260 _aMadrid :
_bAlianza,
_c1971.
300 _a215 p. ;
_c20 cm.
700 1 _aCastillo, Elías.
_936681
852 _aES-MaACL
_jC-44800
_bR.80549
999 _c52606
_d52606